Carregant...
The current issues in foreign language teaching in India/
| Format: | Printed Book |
|---|---|
| Publicat: |
Delhi:
Ajanta books international,
1983.
|
| LEADER | 00434nam a22001097a 4500 | ||
|---|---|---|---|
| 082 | |a 370.54 BHA/C | ||
| 245 | |a The current issues in foreign language teaching in India/ |c Edited by Y C Bhatnagar | ||
| 260 | |a Delhi: |b Ajanta books international, |c 1983. | ||
| 300 | |a 264p. | ||
| 942 | |c BK | ||
| 999 | |c 258038 |d 258038 | ||
| 952 | |0 0 |1 0 |4 0 |6 370_540000000000000_BHA_C |7 0 |9 287275 |a RUS |b RUS |c ST1 |d 2012-06-28 |i 2137 |l 0 |o 370.54 BHA/C |p RUS2137 |r 2014-02-14 |w 2014-02-14 |y BK | ||